1809 1291 1862 1709 1673 1777 1535 1647 1973 1785 1675 1064 1711 1664 1882 1636 1653 1674 1604 1156 1679 1997 1750 1065 1842 1673 1085 1874 1317 1048 1445 1889 1612 1613 1945 1493 1702 1838 1132 1174 1753 1490 1585 1635 1902 1100 1368 1444 1552 1196 1826 1120 1179 1981 1862 1286 1002 1453 1140 1490 1771 1388 1580 1119 1890 1629 1005 1244 1708 1496 1379 1183 1558 1970 1724 1740 1049 1634 1961 1762 1068 1567 1140 1259 1035 1417 1538 1797 1235 1794 1226 1454 1662 1906 1840 1474 1057 1984 1852 BCNSPRNW ULIB Ver.6.0+V

เปลี่ยนเป็นภาษาไทย

Change to English
 แสดงรายละเอียดบรรณานุกรม
  กลับหน้าหลัก

Brief Record : Get Marc (ISO 2709) : E-mail record : QR code < ปิดหน้าต่าง
LEADER : 00000nam 2200000uu 4500
001    13399108448
003     ULIB
008    110303s2005||||th 000 0 eng d
020    0702027294
060 04 WY159^bT355 2005
245 00 Textbook of community children s nursing /^cedited by AnnaSidey, David Widdas
250    2nd ed.
260    Edinburgh :^bElsevier,^c2005
300    xviii, 382 p. :^bill. ;^c25 cm.
650  2 Child Care
650  2 Community Health Nursing
650  2 Health Services
650  2 Pediatric Nursing
700 1  Sidey, Anna,^eed.
700 1  Widdas, David,^eed.
945    ^p2480^l0^i018287
995    ทศพร
999 ^a ใช้งานได้ทุกระบบ
รายการนี้ยังไม่มีแท็ก
คุณยังไม่ได้ล็อกอิน คุณสามารถมีกิจกรรมร่วมกับเว็บไซต์ได้ แต่ต้องล็อกอินก่อน ::
  ล็อกอิน

รายการสื่อสารสนเทศ

ลำดับที่ ประเภท เลขเรียก/บาร์โค้ด สถานที่ สถานะ
- ไม่พบข้อมูล -

รายการใกล้เคียง
    หัวเรื่อง [Child Care]
    หัวเรื่อง [Community Health Nursing]
    หัวเรื่อง [Health Services]
    หัวเรื่อง [Pediatric Nursing]

BibComment


ยังไม่เคยถูกคอมเมนท์

คอมเมนท์ทรัพยากรรายการนี้
  คอมเมนท์: Textbook of commu..


 Copyright 2026. Bcnsprnw @Library